[Event "Mittelrhein Verbandsliga-W 18/19"]
[Site "Nordrheinwestfalen"]
[Date "2018.12.16"]
[Round "5.4"]
[White "Buller, Ivan"]
[Black "Smit, Arjan"]
[Result "0-1"]
[WhiteElo "1846"]
[BlackElo "1984"]
[PlyCount "98"]
[EventDate "2018.09.02"]
[EventType "team-tourn"]
[EventRounds "11"]
[EventCountry "GER"]
[SourceTitle "EXT 2022"]
[Source "ChessBase"]
[SourceDate "2021.10.06"]
[SourceVersion "1"]
[SourceVersionDate "2021.10.06"]
[SourceQuality "1"]
[WhiteTeam "Bergheim"]
[BlackTeam "Herzogenrath"]
[WhiteTeamCountry "GER"]
[BlackTeamCountry "GER"]

1. e4 e6 2. d4 d5 3. Nc3 Nf6 4. Bg5 dxe4 5. Bxf6 gxf6 6. Nxe4 f5 7. Nc3 Bg7 8. Nf3 c5 9. Bb5+ Bd7 10. Bxd7+ Nxd7 11. Ne2 Qa5+ 12. c3 0-0-0 13. 0-0 Bf6 14. Qc2 cxd4 15. cxd4+ Kb8 16. Rfc1 Rhg8 17. Qb3 Nb6 18. Rc5 Qa4 19. Qxa4 Nxa4 20. Rc2 Nb6 21. Rac1 Nd5 22. a3 a6 23. Kf1 Be7 24. Nc3 Nxc3 25. Rxc3 Rc8 26. Rxc8+ Rxc8 27. Rxc8+ Kxc8 28. Ke2 Kc7 29. Kd3 b5 30. Ne1 Kd6 31. b3 Kd5 32. a4 f4 33. axb5 axb5 34. f3 f5 35. g3 fxg3 36. hxg3 h5 37. Ng2 Bg5 38. f4 Bd8 39. Ne3+ Kd6 40. Ng2 Ba5 41. Ne3 Be1 42. Nf1 Bf2 43. Kc3 Kd5 44. Kb4 Kxd4 45. Kxb5 Kd3 46. Kc6 Ke2 47. Nh2 Bxg3 48. Kd7 Bxh2 49. Kxe6 Kf3 0-1

[Event "Mittelrhein Verbandsliga-W 16/17"]
[Site "Nordrheinwestfalen"]
[Date "2016.12.18"]
[Round "5.4"]
[White "Krings, Thomas"]
[Black "Buller, Ivan"]
[Result "1-0"]
[WhiteElo "1983"]
[BlackElo "1837"]
[PlyCount "75"]
[EventDate "2016.09.11"]
[EventType "team-tourn"]
[EventRounds "11"]
[EventCountry "GER"]
[SourceTitle "EXT 2022"]
[Source "ChessBase"]
[SourceDate "2021.10.06"]
[SourceVersion "1"]
[SourceVersionDate "2021.10.06"]
[SourceQuality "1"]
[WhiteTeam "Horrem"]
[BlackTeam "Bergheim"]
[WhiteTeamCountry "GER"]
[BlackTeamCountry "GER"]

1. d4 Nf6 2. Bg5 e6 3. e3 c5 4. Bd3 cxd4 5. exd4 h6 6. Bh4 d5 7. Qe2 Nc6 8. c3 g5 9. Bg3 Bd6 10. Nf3 Qc7 11. Nbd2 Bf4 12. Bxf4 Qxf4 13. 0-0-0 Qc7 14. Kb1 Bd7 15. Ne5 a6 16. Qf3 Ke7 17. Rhe1 Raf8 18. Nb3 Be8 19. c4 Nb4 20. Bf1 Ba4 21. Rc1 Bxb3 22. Qxb3 a5 23. a3 Ne4 24. Rxe4 dxe4 25. axb4 Rc8 26. b5 Rhd8 27. Qe3 f5 28. h4 Qd6 29. hxg5 Qxd4 30. Qg3 Rg8 31. g6 Rg7 32. Qh4+ Kd6 33. Qf6 Rcg8 34. Nf7+ Kc5 35. Qe7+ Kb6 36. c5+ Ka7 37. c6 Rb8 38. c7 1-0